000 00331nam a22001457a 4500
008 210311b ||||| |||| 00| 0 eng d
020 _a0316690473
041 _aeng
080 _a617
082 _a617
100 _a5
101 _aKIR
245 _aManual of Medical Care of the Surgical Patient
_cPapper, S
942 _2udc
_cBK
999 _c56398
_d56398